U.S. General Knowledge #69 - Statistics

General Stats
  • This quiz has been taken 13,316 times
  • The average score is 11 of 20
Answer Stats
Question Answer % Correct
Who did Justin Timberlake date from 1999–2002? Britney Spears
74%
What singer is known as the "Queen of Country"? Dolly Parton
73%
What is the most famous novel written by F. Scott Fitzgerald? The Great Gatsby
67%
What "Friends" actor passed away at age 54 in October 2023? Matthew Perry
64%
Who is depicted on the "Jumpman" logo? Michael Jordan
63%
In the movie rating system, what comes between PG and R? PG-13
63%
What German word might you say as a response to somebody sneezing? Gesundheit
61%
What TV show's star-studded cast included Chris Pratt, Aubrey Plaza, and Nick Offerman? Parks and Recreation
59%
Who did Barack Obama defeat in the 2012 Presidential election? Mitt Romney
58%
What type of animal was blamed for starting the Great Chicago Fire? Cow
57%
What actor is sometimes known as "The Hoff"? David Hasselhoff
56%
What famous author lived in Key West where his home is now a tourist attraction? Ernest Hemingway
54%
On what TV show might you hear the catchphrase "The Tribe Has Spoken"? Survivor
54%
In New York City, what is bounded by 59th street to the south and 110th street to the north? Central Park
49%
Who was John F. Kennedy's attorney general? Robert F. Kennedy
44%
What movie director can often be seen courtside at New York Knicks games? Spike Lee
41%
Who suffered a fatal crash at the Daytona 500 in 2001? Dale Earnhardt
36%
What abolitionist was hanged for his raid on Harper's Ferry? John Brown
34%
What monopoly was broken up into parts that later become Exxon, Chevron, and others? Standard Oil
32%
What convicted killer promoted boxing matches for Ali, Foreman, and Tyson? Don King
28%
No matching quizzes found
Score Distribution
Percent of People with Each Score
Percentile by Number Answered
Your Score History
You have not taken this quiz